000 00272nam a2200109Ia 4500
008 200302s9999 xx 000 0 und d
100 _aS. C. Rangwala & Others
245 _aBuilding Construction
260 _bCharotar Publishing House
260 _c2003
300 _a831 P.,
999 _c1993
_d1993